Normal view
MARC view
Entry Topical Term
001 - CONTROL NUMBER
- control field: 52532
003 - CONTROL NUMBER IDENTIFIER
- control field: dpl
005 - DATE AND TIME OF LATEST TRANSACTION
- control field: 20120921143702.0
008 - FIXED-LENGTH DATA ELEMENTS
- fixed length control field: 120921|||a|||||| | ||| d
040 ## - CATALOGING SOURCE
- Original cataloging agency: dpl
- Transcribing agency: dpl
150 ## - HEADING--TOPICAL TERM
- Topical term or geographic name as entry element: Tax administration and procedure
- Geographic subdivision: Brazil
670 ## - SOURCE DATA FOUND
- Source citation: Work cat.: (dpl)69876: Shome, Parthasarathi 52211, Tax shastra :, 2012
670 ## - SOURCE DATA FOUND
- Source citation: Work cat.: (dpl)69876: Shome, Parthasarathi 52211, Tax shastra :, 2012
